[Event "Liga Madrileña 2010/2011 - D. Honor"]
[Site "Madrid ESP"]
[Date "2011.01.09"]
[Round "5.16"]
[White "Alonso Nieto, Santiago"]
[Black "Muñoz Sanchez, Daniel"]
[Result "1-0"]
[WhiteElo "2114"]
[BlackElo "1976"]
[PlyCount "44"]
[EventDate "2010.11.21"]
[EventType "team"]
[EventRounds "14"]
[EventCountry "ESP"]
[Source "lmi"]
[SourceDate "2010.11.21"]
[WhiteTeam "Moratalaz"]
[BlackTeam "Vallecas CDV"]
[WhiteTeamCountry "ESP"]
[BlackTeamCountry "ESP"]

1. d4 e6 2. c4 Nf6 3. Nc3 Bb4 4. Nf3 Ne4 5. Qd3 d5 6. a3 Bxc3+ 7. bxc3 b6 8.
cxd5 exd5 9. Ne5 Ba6 10. Qc2 O-O 11. g3 f6 12. Nd3 Re8 13. Nf4 Bc4 14. Bh3 g5
15. Ne6 Qe7 16. f4 Qf7 17. f5 Nc6 18. Bg2 Nd8 19. Bxe4 Nxe6 20. fxe6 Rxe6 21.
Bd3 Rxe2+ 22. Qxe2 Re8 1-0

[Event "Liga Madrileña 2010/2011 - D. Honor"]
[Site "Madrid ESP"]
[Date "2011.01.09"]
[Round "5.21"]
[White "Perez Gonzalez, Jose Manuel"]
[Black "Adan Bermudez, Sergio"]
[Result "0-1"]
[WhiteElo "2281"]
[BlackElo "2264"]
[PlyCount "102"]
[EventDate "2010.11.21"]
[EventType "team"]
[EventRounds "14"]
[EventCountry "ESP"]
[Source "lmi"]
[SourceDate "2010.11.21"]
[WhiteTeam "Amigos del Retiro"]
[BlackTeam "Pueblo Nuevo"]
[WhiteTeamCountry "ESP"]
[BlackTeamCountry "ESP"]

1. e4 c5 2. Nf3 Nc6 3. d4 cxd4 4. Nxd4 Nf6 5. Nc3 e5 6. Ndb5 h6 7. Be3 d6 8. a4
a6 9. Na3 Ng4 10. Nd5 Nxe3 11. Nxe3 Be7 12. Nac4 O-O 13. Nd5 Be6 14. Ncb6 Rb8
15. Bd3 Nb4 16. Nxe7+ Qxe7 17. c3 d5 18. exd5 Nxd5 19. Nxd5 Bxd5 20. Bh7+ Kxh7
21. Qxd5 Rbd8 22. Qe4+ f5 23. Qe3 e4 24. O-O f4 25. Qc1 f3 26. Re1 Qh4 27. Re3
Qg4 28. g3 Rf5 29. Qf1 Rh5 30. Rae1 Re8 31. Rd1 Ree5 32. Rd4 Rh4 33. Rexe4 Rxe4
34. Rxe4 Qxe4 35. gxh4 Kh8 36. h5 Qxa4 37. h3 Qf4 38. Kh1 Qf5 39. Kh2 Qe5+ 40.
Kh1 Qxh5 41. Kh2 Qe5+ 42. Kh1 Qe2 43. Qg1 Qxb2 44. Qg6 Qe2 45. Qg3 a5 46. Kh2
Kh7 47. h4 h5 48. c4 a4 49. Qg1 Qe5+ 50. Kh1 Qf5 51. Qf1 a3 0-1

[Event "Liga Madrileña 2010/2011 - D. Honor"]
[Site "Madrid ESP"]
[Date "2011.01.09"]
[Round "5.22"]
[White "Barez Menendez, Hector"]
[Black "Garcia Cuenca, Victor"]
[Result "0-1"]
[WhiteElo "2168"]
[BlackElo "2329"]
[PlyCount "74"]
[EventDate "2010.11.21"]
[EventType "team"]
[EventRounds "14"]
[EventCountry "ESP"]
[Source "lmi"]
[SourceDate "2010.11.21"]
[WhiteTeam "Pueblo Nuevo"]
[BlackTeam "Amigos del Retiro"]
[WhiteTeamCountry "ESP"]
[BlackTeamCountry "ESP"]

1. Nf3 d6 2. d4 g6 3. g3 Bg7 4. Bg2 Nd7 5. O-O e5 6. c4 Ne7 7. e4 O-O 8. Nc3
exd4 9. Nxd4 Nc6 10. Nxc6 bxc6 11. Qc2 Qf6 12. Nd1 a5 13. Bd2 Qe6 14. Rc1 a4
15. f4 Re8 16. e5 dxe5 17. f5 Qe7 18. Nf2 gxf5 19. Qxf5 Nf8 20. Qh5 Ra6 21. Bh6
Bxh6 22. Qxh6 c5 23. Qh5 f5 24. Bd5+ Kg7 25. Nd3 Ng6 26. Rce1 Rf6 27. g4 c6 28.
Bg2 Ref8 29. gxf5 Bxf5 30. Nf2 Qd6 31. Qd1 Qd4 32. Kh1 Qxc4 33. Nh3 Nh4 34. Rf2
Rg6 35. Re3 Nxg2 36. Rxg2 Bxh3 37. Rxh3 Rf1+ 0-1

[Event "Liga Madrileña 2010/2011 - D. Honor"]
[Site "Madrid ESP"]
[Date "2011.01.09"]
[Round "5.23"]
[White "Fernandez Garcia, Miguel Angel"]
[Black "Baigorri Navarro, Francisco Javier"]
[Result "1-0"]
[WhiteElo "2304"]
[BlackElo "2149"]
[PlyCount "75"]
[EventDate "2010.11.21"]
[EventType "team"]
[EventRounds "14"]
[EventCountry "ESP"]
[Source "lmi"]
[SourceDate "2010.11.21"]
[WhiteTeam "Amigos del Retiro"]
[BlackTeam "Pueblo Nuevo"]
[WhiteTeamCountry "ESP"]
[BlackTeamCountry "ESP"]

1. d4 Nf6 2. c4 e6 3. Nf3 Bb4+ 4. Nbd2 O-O 5. g3 d5 6. Bg2 b6 7. cxd5 exd5 8.
O-O Qe7 9. Ne5 Bd6 10. Nec4 Ba6 11. Nxd6 cxd6 12. Re1 Nc6 13. Nb1 Rfe8 14. Nc3
Rac8 15. Bg5 Qe6 16. Bxf6 Qxf6 17. e3 Qf5 18. Nxd5 Bc4 19. e4 Qg6 20. Ne3 Nb4
21. Qd2 Nd3 22. Red1 Ba6 23. Bf1 Nxf2 24. Qxf2 Bxf1 25. Nxf1 Rxe4 26. Re1 Rxe1
27. Rxe1 h6 28. h4 Rc2 29. Re2 Rc1 30. Kg2 f6 31. Qf3 Qb1 32. a3 Kh7 33. h5 d5
34. Ne3 Rg1+ 35. Kh2 Kh8 36. Nxd5 Rf1 37. Re8+ Kh7 38. Nxf6+ 1-0

[Event "Liga Madrileña 2010/2011 - D. Honor"]
[Site "Madrid ESP"]
[Date "2011.01.09"]
[Round "5.24"]
[White "Nieto de la Cruz, Julio"]
[Black "Sanchez Gonzalez, Sergio"]
[Result "1-0"]
[WhiteElo "2135"]
[BlackElo "2291"]
[PlyCount "86"]
[EventDate "2010.11.21"]
[EventType "team"]
[EventRounds "14"]
[EventCountry "ESP"]
[Source "lmi"]
[SourceDate "2010.11.21"]
[WhiteTeam "Pueblo Nuevo"]
[BlackTeam "Amigos del Retiro"]
[WhiteTeamCountry "ESP"]
[BlackTeamCountry "ESP"]

1. d4 Nf6 2. c4 e6 3. Nc3 Bb4 4. e3 O-O 5. Bd3 d5 6. Nf3 c5 7. O-O Nc6 8. a3
Bxc3 9. bxc3 dxc4 10. Bxc4 Qe7 11. Qe2 e5 12. Bb2 Bg4 13. h3 Bh5 14. g4 Bg6 15.
dxe5 Nxe5 16. Nxe5 Qxe5 17. f4 Qc7 18. f5 Qg3+ 19. Qg2 Qxe3+ 20. Kh1 Qe4 21.
Be2 Qxg2+ 22. Kxg2 Nd5 23. Kg3 Rae8 24. Bb5 Re3+ 25. Rf3 Bxf5 26. gxf5 a6 27.
Bd3 Rfe8 28. Raf1 b5 29. c4 Nb6 30. cxb5 c4 31. Bd4 Rxd3 32. Rxd3 cxd3 33. Bxb6
Rb8 34. bxa6 Rxb6 35. Rb1 Rxb1 36. a7 h6 37. a8=Q+ Kh7 38. Qd5 Rd1 39. Qb3 Rd2
40. a4 h5 41. a5 h4+ 42. Kxh4 Rg2 43. Qxd3 g5+ 1-0

[Event "Liga Madrileña 2010/2011 - D. Honor"]
[Site "Madrid ESP"]
[Date "2011.01.09"]
[Round "5.25"]
[White "Vallejo Diaz, Jesus"]
[Black "Fernandez Lledo, Javier"]
[Result "0-1"]
[WhiteElo "2273"]
[BlackElo "2138"]
[PlyCount "70"]
[EventDate "2010.11.21"]
[EventType "team"]
[EventRounds "14"]
[EventCountry "ESP"]
[Source "lmi"]
[SourceDate "2010.11.21"]
[WhiteTeam "Amigos del Retiro"]
[BlackTeam "Pueblo Nuevo"]
[WhiteTeamCountry "ESP"]
[BlackTeamCountry "ESP"]

1. e4 c5 2. Nf3 d6 3. c3 Nf6 4. h3 g6 5. Bd3 Bg7 6. Bc2 Nc6 7. O-O O-O 8. d4
cxd4 9. cxd4 e5 10. d5 Ne7 11. Nc3 Ne8 12. Nd2 f5 13. Nc4 f4 14. f3 g5 15. a4
Ng6 16. a5 Nh4 17. Ba4 Rf6 18. b3 h5 19. Qe1 Rg6 20. Kf2 g4 21. hxg4 hxg4 22.
Rg1 Nxf3 23. gxf3 Qh4+ 24. Kf1 Qh3+ 25. Ke2 gxf3+ 26. Kd1 Rxg1 27. Qxg1 f2 28.
Qxf2 Qxc3 29. Ra2 Bg4+ 30. Re2 Qd3+ 31. Ke1 Bf6 32. Rd2 Qxe4+ 33. Kf1 Ng7 34.
Kg1 Nf5 35. Qg2 f3 0-1

[Event "Liga Madrileña 2010/2011 - D. Honor"]
[Site "Madrid ESP"]
[Date "2011.01.09"]
[Round "5.26"]
[White "Rodrigo Yanguas, Maria"]
[Black "Paredes Sanchez, Juan"]
[Result "1-0"]
[WhiteElo "2070"]
[BlackElo "2172"]
[PlyCount "97"]
[EventDate "2010.11.21"]
[EventType "team"]
[EventRounds "14"]
[EventCountry "ESP"]
[Source "lmi"]
[SourceDate "2010.11.21"]
[WhiteTeam "Pueblo Nuevo"]
[BlackTeam "Amigos del Retiro"]
[WhiteTeamCountry "ESP"]
[BlackTeamCountry "ESP"]

1. e4 c5 2. Nf3 d6 3. d4 cxd4 4. Nxd4 Nf6 5. Nc3 a6 6. Bg5 e6 7. f4 Qc7 8. Qf3
b5 9. f5 b4 10. Ncb5 axb5 11. fxe6 Be7 12. Nxb5 Qb6 13. e5 Bb7 14. Be3 Bxf3 15.
Bxb6 Nd5 16. gxf3 Nxb6 17. Nc7+ Kd8 18. Nxa8 Bh4+ 19. Ke2 Nxa8 20. Rd1 fxe6 21.
Rxd6+ Nd7 22. Bh3 Kc7 23. f4 Nc5 24. Bg2 Be7 25. Rc6+ Kb8 26. a3 bxa3 27. bxa3
Nc7 28. Rb1+ Kc8 29. Rcb6 Nd7 30. R6b3 Rf8 31. Bb7+ Kd8 32. Rf3 Bc5 33. a4 Nb6
34. Rd1+ Ke7 35. Rc3 Nxa4 36. Rc4 Nb5 37. Kf3 Nb2 38. Rxc5 Nxd1 39. Rxb5 Rb8
40. Rb3 Nc3 41. Ke3 Nd1+ 42. Kd4 Rd8+ 43. Kc5 Rd2 44. Be4 Rxh2 45. Rb7+ Kf8 46.
Kd6 Nf2 47. Bc6 g6 48. Kxe6 Nh3 49. Kf6 1-0

[Event "Liga Madrileña 2010/2011 - D. Honor"]
[Site "Madrid ESP"]
[Date "2011.01.09"]
[Round "5.31"]
[White "Candela Perez, Jose"]
[Black "Moreno Carnero, Javier"]
[Result "1/2-1/2"]
[WhiteElo "2399"]
[BlackElo "2519"]
[PlyCount "33"]
[EventDate "2010.11.21"]
[EventType "team"]
[EventRounds "14"]
[EventCountry "ESP"]
[Source "lmi"]
[SourceDate "2010.11.21"]
[WhiteTeam "Leganes"]
[BlackTeam "La Casa del Ajedrez"]
[WhiteTeamCountry "ESP"]
[BlackTeamCountry "ESP"]

1. d4 d6 2. Nf3 Nf6 3. c4 g6 4. Nc3 Bg7 5. e4 O-O 6. Be2 Na6 7. O-O e5 8. Be3
h6 9. dxe5 Ng4 10. Bf4 Nxe5 11. Qd2 Kh7 12. Rad1 Be6 13. b3 Nc5 14. Nxe5 dxe5
15. Qxd8 Rfxd8 16. Rxd8 Rxd8 17. Be3 1/2-1/2

[Event "Liga Madrileña 2010/2011 - D. Honor"]
[Site "Madrid ESP"]
[Date "2011.01.09"]
[Round "5.32"]
[White "Gallego Jimenez, Victoriano"]
[Black "Reyes Larenas, Juan"]
[Result "1/2-1/2"]
[WhiteElo "2398"]
[BlackElo "2435"]
[PlyCount "104"]
[EventDate "2010.11.21"]
[EventType "team"]
[EventRounds "14"]
[EventCountry "ESP"]
[Source "lmi"]
[SourceDate "2010.11.21"]
[WhiteTeam "La Casa del Ajedrez"]
[BlackTeam "Leganes"]
[WhiteTeamCountry "ESP"]
[BlackTeamCountry "ESP"]

1. d4 Nf6 2. c4 g6 3. Nf3 Bg7 4. g3 O-O 5. Bg2 d6 6. O-O Nbd7 7. Nc3 e5 8. e4
c6 9. h3 a5 10. Be3 a4 11. d5 cxd5 12. exd5 Qa5 13. Nb5 Ne8 14. Qd2 Qxd2 15.
Bxd2 Nc5 16. Be3 b6 17. b4 axb3 18. axb3 Rxa1 19. Rxa1 Nxb3 20. Rb1 Nc5 21. Na7
Bf5 22. Rxb6 Bf6 23. Nb5 Nd7 24. Rb7 e4 25. Nd2 Nc5 26. Bxc5 dxc5 27. Nxe4 Bxe4
28. Bxe4 Be5 29. Re7 Bb8 30. f4 Kg7 31. Bf3 Nf6 32. Kf2 Rd8 33. Rb7 Ne8 34. Bg4
h5 35. Be6 Nd6 36. Nxd6 Bxd6 37. Rxf7+ Kh8 38. g4 hxg4 39. hxg4 Rf8 40. Rxf8+
Bxf8 41. Kf3 Kg7 42. g5 Bd6 43. Kg4 Kf8 44. Bd7 Ke7 45. Ba4 Bb8 46. Bc2 Kf7 47.
Bd3 Bc7 48. Be4 Bd6 49. Bf3 Ke7 50. f5 Be5 51. fxg6 Bg7 52. Kf5 Kd6 1/2-1/2

[Event "Liga Madrileña 2010/2011 - D. Honor"]
[Site "Madrid ESP"]
[Date "2011.01.09"]
[Round "5.33"]
[White "Arribas Lopez, Angel"]
[Black "Rojo Huerta, Gabriel"]
[Result "1-0"]
[WhiteElo "2439"]
[BlackElo "2375"]
[PlyCount "84"]
[EventDate "2010.11.21"]
[EventType "team"]
[EventRounds "14"]
[EventCountry "ESP"]
[Source "lmi"]
[SourceDate "2010.11.21"]
[WhiteTeam "Leganes"]
[BlackTeam "La Casa del Ajedrez"]
[WhiteTeamCountry "ESP"]
[BlackTeamCountry "ESP"]

1. d4 Nf6 2. Nf3 e6 3. e3 b6 4. Bd3 Bb7 5. Nbd2 c5 6. O-O Nc6 7. b3 Nb4 8. Be2
cxd4 9. Nxd4 Be7 10. Bb2 O-O 11. N2f3 Rc8 12. a3 Nc6 13. Bd3 Nxd4 14. Bxd4 Qc7
15. Re1 Ne4 16. c4 h6 17. Qb1 f5 18. Qb2 Bf6 19. Rad1 d6 20. Bxf6 Rxf6 21. Nd4
a6 22. f3 Nc5 23. Bf1 Qe7 24. b4 Nd7 25. Rc1 Ne5 26. Qf2 a5 27. Rc2 axb4 28.
axb4 d5 29. cxd5 Rxc2 30. Qxc2 Bxd5 31. b5 Qd6 32. Qc3 Rf7 33. Rc1 Ra7 34. Rc2
Kh7 35. Be2 Ra3 36. Qd2 Ra1+ 37. Kf2 Nd7 38. g3 Nc5 39. Nc6 Ra3 40. Qd4 Ra4 41.
Qd2 Ra3 42. Nb4 Qe5 1-0

[Event "Liga Madrileña 2010/2011 - D. Honor"]
[Site "Madrid ESP"]
[Date "2011.01.09"]
[Round "5.34"]
[White "Elguezabal Varela, Daniel"]
[Black "Prieto Martin, Alfonso"]
[Result "0-1"]
[WhiteElo "2357"]
[BlackElo "2173"]
[PlyCount "48"]
[EventDate "2010.11.21"]
[EventType "team"]
[EventRounds "14"]
[EventCountry "ESP"]
[Source "lmi"]
[SourceDate "2010.11.21"]
[WhiteTeam "La Casa del Ajedrez"]
[BlackTeam "Leganes"]
[WhiteTeamCountry "ESP"]
[BlackTeamCountry "ESP"]

1. d4 Nf6 2. Nf3 e6 3. c4 Bb4+ 4. Nbd2 b6 5. e3 Bb7 6. Bd3 O-O 7. O-O d5 8.
cxd5 exd5 9. b3 Nbd7 10. Bb2 Ne4 11. a3 Bd6 12. Ne5 Qe7 13. Ndf3 Ndf6 14. Qe2
a6 15. b4 c5 16. bxc5 bxc5 17. dxc5 Nxc5 18. Rfd1 Nfe4 19. Bc2 a5 20. Qe1 d4
21. Nd3 Rfc8 22. Nxd4 Qg5 23. Nxc5 Rxc5 24. Nf3 Bxh2+ 0-1

[Event "Liga Madrileña 2010/2011 - D. Honor"]
[Site "Madrid ESP"]
[Date "2011.01.09"]
[Round "5.35"]
[White "Davicce Cañada, Juan Antonio"]
[Black "Gemy Vargas, Jose Daniel"]
[Result "1-0"]
[WhiteElo "2097"]
[BlackElo "2316"]
[PlyCount "157"]
[EventDate "2010.11.21"]
[EventType "team"]
[EventRounds "14"]
[EventCountry "ESP"]
[Source "lmi"]
[SourceDate "2010.11.21"]
[WhiteTeam "Leganes"]
[BlackTeam "La Casa del Ajedrez"]
[WhiteTeamCountry "ESP"]
[BlackTeamCountry "ESP"]

1. d4 Nf6 2. c4 e6 3. Nc3 Bb4 4. e3 b6 5. Nf3 Bb7 6. Bd3 O-O 7. O-O d5 8. cxd5
exd5 9. a3 Bd6 10. Qc2 a6 11. b4 Nbd7 12. b5 a5 13. a4 Qe7 14. Qb3 Rac8 15. Ba3
g6 16. Bxd6 Qxd6 17. Rac1 Kg7 18. Rc2 Ne4 19. Rfc1 f5 20. Ne2 h6 21. Qb2 Rfe8
22. Ne5 Nxe5 23. dxe5 Qe7 24. Bxe4 dxe4 25. e6+ Kg8 26. Nf4 Qg7 27. Qxg7+ Kxg7
28. Rxc7+ Kf6 29. Rf7+ Ke5 30. Rd1 Ba8 31. Nxg6+ Kxe6 32. Rh7 Red8 33. Nf4+ Ke5
34. Re7+ Kf6 35. Re6+ Kf7 36. Ra1 Rc4 37. h4 Rc2 38. Rxb6 Rdd2 39. Rf1 Bd5 40.
Nxd5 Rxd5 41. Ra6 f4 42. exf4 e3 43. fxe3 Rdd2 44. Kh2 Rxg2+ 45. Kh3 h5 46. Rh6
Rge2 47. Rg1 Rxe3+ 48. Rg3 Rxg3+ 49. Kxg3 Rc3+ 50. Kg2 Rc4 51. Rxh5 Rxa4 52. b6
Rb4 53. Rxa5 Rxb6 54. Kf3 Rb1 55. Ra6 Rh1 56. Kg4 Kg7 57. h5 Rg1+ 58. Kf5 Rh1
59. h6+ Kh7 60. Ra7+ Kh8 61. Kg6 Rg1+ 62. Kf6 Rh1 63. Ra8+ Kh7 64. f5 Rb1 65.
Ra7+ Kh8 66. Kf7 Re1 67. f6 Re2 68. Re7 Ra2 69. Kf8 Ra8+ 70. Re8 Ra7 71. f7 Kh7
72. Re6 Rb7 73. Ke8 Rb8+ 74. Ke7 Rb7+ 75. Kf6 Rb8 76. Re8 Rb6+ 77. Ke5 Rb5+ 78.
Kd6 Rb6+ 79. Kc5 1-0

[Event "Liga Madrileña 2010/2011 - D. Honor"]
[Site "Madrid ESP"]
[Date "2011.01.09"]
[Round "5.36"]
[White "Suarez Uriel, Adrian"]
[Black "Pedrajas Estepa, Manuel"]
[Result "1-0"]
[WhiteElo "2215"]
[BlackElo "2097"]
[PlyCount "49"]
[EventDate "2010.11.21"]
[EventType "team"]
[EventRounds "14"]
[EventCountry "ESP"]
[Source "lmi"]
[SourceDate "2010.11.21"]
[WhiteTeam "La Casa del Ajedrez"]
[BlackTeam "Leganes"]
[WhiteTeamCountry "ESP"]
[BlackTeamCountry "ESP"]

1. e4 e5 2. Nf3 Nc6 3. Bb5 a6 4. Ba4 Nf6 5. O-O b5 6. Bb3 Be7 7. d3 d6 8. a4
Rb8 9. axb5 axb5 10. Nc3 O-O 11. Be3 Bg4 12. h3 Bxf3 13. Qxf3 Nd4 14. Bxd4 exd4
15. Ne2 c5 16. Ra7 Nd7 17. Bd5 Ne5 18. Qg3 Bh4 19. Qf4 Bf6 20. Rfa1 c4 21. Qd2
Qc8 22. Nxd4 Qc5 23. Nf5 cxd3 24. cxd3 Ng6 25. d4 1-0

[Event "Liga Madrileña 2010/2011 - D. Honor"]
[Site "Madrid ESP"]
[Date "2011.01.09"]
[Round "5.41"]
[White "Vazquez Igarza, Renier"]
[Black "Almagro Llamas, Pablo"]
[Result "1-0"]
[WhiteElo "2558"]
[BlackElo "2472"]
[PlyCount "87"]
[EventDate "2010.11.21"]
[EventType "team"]
[EventRounds "14"]
[EventCountry "ESP"]
[Source "lmi"]
[SourceDate "2010.11.21"]
[WhiteTeam "Collado Villalba"]
[BlackTeam "Virgen de Atocha"]
[WhiteTeamCountry "ESP"]
[BlackTeamCountry "ESP"]

1. Nf3 Nf6 2. c4 e6 3. d4 Bb4+ 4. Bd2 Qe7 5. Nc3 b6 6. g3 Bb7 7. Bg2 O-O 8. O-O
d6 9. b3 c5 10. a3 Bxc3 11. Bxc3 cxd4 12. Bxd4 Nbd7 13. Rc1 Rfd8 14. b4 Rac8
15. Qb3 Rc7 16. Bb2 Rdc8 17. Rfd1 h6 18. Bf1 a6 19. Qd3 Ne8 20. Nd2 a5 21. Qd4
Qf6 22. Qxf6 gxf6 23. f4 f5 24. Kf2 Kf8 25. h3 Nef6 26. bxa5 bxa5 27. Bc3 Ra8
28. Rb1 Bc6 29. Bg2 Bxg2 30. Kxg2 Ke7 31. Rb5 a4 32. Kf3 Ne4 33. Bb4 Nxd2+ 34.
Rxd2 Ra6 35. Rd4 Nc5 36. g4 Nb3 37. Rd1 Rxc4 38. Rb7+ Kf6 39. Bxd6 fxg4+ 40.
hxg4 Kg6 41. Be5 Nc5 42. Rc7 Rb6 43. Rd8 Rb3+ 44. e3 1-0

[Event "Liga Madrileña 2010/2011 - D. Honor"]
[Site "Madrid ESP"]
[Date "2011.01.09"]
[Round "5.42"]
[White "Anton Guijarro, David"]
[Black "Moreno Ruiz, Javier"]
[Result "0-1"]
[WhiteElo "2421"]
[BlackElo "2527"]
[PlyCount "112"]
[EventDate "2010.11.21"]
[EventType "team"]
[EventRounds "14"]
[EventCountry "ESP"]
[Source "lmi"]
[SourceDate "2010.11.21"]
[WhiteTeam "Virgen de Atocha"]
[BlackTeam "Collado Villalba"]
[WhiteTeamCountry "ESP"]
[BlackTeamCountry "ESP"]

1. e4 c5 2. Nf3 g6 3. c3 Bg7 4. d4 cxd4 5. cxd4 d5 6. e5 Bg4 7. Be2 Nc6 8. Nc3
e6 9. Ng1 Bxe2 10. Ngxe2 f6 11. exf6 Nxf6 12. O-O O-O 13. h3 Qd7 14. Be3 Ne8
15. b3 Nd6 16. Ng3 Nf5 17. Nxf5 exf5 18. f3 f4 19. Bf2 g5 20. Qd3 Rf5 21. Rfe1
h5 22. Rad1 Rd8 23. Kf1 Nb4 24. Qe2 Rf7 25. Qe6 Rc8 26. Qxd7 Rxd7 27. Na4 b6
28. Re2 Kf7 29. a3 Nc2 30. Nc5 Ne3+ 31. Bxe3 bxc5 32. Bf2 c4 33. Rc2 Rdc7 34.
bxc4 Rxc4 35. Rb2 R8c7 36. Rb5 Rd7 37. Ra5 Bf6 38. Ke2 Bd8 39. Rc5 Ra4 40. Rd3
Bb6 41. Rc6 Re7+ 42. Kd1 Re6 43. Rxe6 Kxe6 44. Kc2 Kf5 45. Kb3 Rc4 46. Rc3 Bxd4
47. Bxd4 Rxd4 48. Rc7 Rd2 49. Rxa7 Rxg2 50. Rc7 Rg3 51. Rc3 Rxh3 52. a4 g4 53.
a5 gxf3 54. Rc1 f2+ 55. Kb4 Ke4 56. a6 Rg3 0-1

[Event "Liga Madrileña 2010/2011 - D. Honor"]
[Site "Madrid ESP"]
[Date "2011.01.09"]
[Round "5.43"]
[White "Ortiz Herranz, Eleazar"]
[Black "Rubio Mejia, Luis"]
[Result "0-1"]
[WhiteElo "2243"]
[BlackElo "2409"]
[PlyCount "80"]
[EventDate "2010.11.21"]
[EventType "team"]
[EventRounds "14"]
[EventCountry "ESP"]
[Source "lmi"]
[SourceDate "2010.11.21"]
[WhiteTeam "Collado Villalba"]
[BlackTeam "Virgen de Atocha"]
[WhiteTeamCountry "ESP"]
[BlackTeamCountry "ESP"]

1. Nf3 c5 2. g3 Nf6 3. Bg2 g6 4. O-O Bg7 5. c4 O-O 6. d4 cxd4 7. Nxd4 Nc6 8.
Nc3 Ng4 9. Nc2 Nge5 10. Ne3 d6 11. Bd2 Be6 12. Ncd5 Qd7 13. Re1 Bh3 14. Bh1 Ng4
15. Rb1 Nxe3 16. Nxe3 Rfc8 17. Qa4 Rab8 18. Nd5 Kf8 19. Bc3 Bxc3 20. Nxc3 b6
21. Qd1 Be6 22. b3 a6 23. Qd2 Kg8 24. Rbd1 Ne5 25. Ne4 Qa7 26. Qh6 Ng4 27. Qf4
Bf5 28. h3 Bxe4 29. Bxe4 Nf6 30. Bd3 b5 31. g4 Nd7 32. Rc1 Ne5 33. Red1 Rc7 34.
cxb5 axb5 35. Rxc7 Qxc7 36. Rc1 Nxd3 37. exd3 Qa7 38. a4 bxa4 39. Qxa4 Qb7 40.
Rc3 Qf3 0-1

[Event "Liga Madrileña 2010/2011 - D. Honor"]
[Site "Madrid ESP"]
[Date "2011.01.09"]
[Round "5.44"]
[White "Martinez Martin, David"]
[Black "Cao Armillas, Jesus"]
[Result "1-0"]
[WhiteElo "2398"]
[BlackElo "2189"]
[PlyCount "115"]
[EventDate "2010.11.21"]
[EventType "team"]
[EventRounds "14"]
[EventCountry "ESP"]
[Source "lmi"]
[SourceDate "2010.11.21"]
[WhiteTeam "Virgen de Atocha"]
[BlackTeam "Collado Villalba"]
[WhiteTeamCountry "ESP"]
[BlackTeamCountry "ESP"]

1. Nf3 Nf6 2. c4 e6 3. Nc3 d5 4. e3 Bd6 5. b3 b6 6. Bb2 O-O 7. Qc2 Bb7 8. cxd5
Nxd5 9. Nxd5 Bxd5 10. e4 Bb7 11. Bc4 Nd7 12. O-O c5 13. d4 cxd4 14. Bxd4 e5 15.
Bc3 Qe7 16. Rad1 Rad8 17. Rfe1 Kh8 18. Nh4 g6 19. Nf3 f6 20. Nd2 Nc5 21. Bd5 b5
22. Nf1 Ne6 23. Qe2 a6 24. Qg4 Bc8 25. Qh4 Nf4 26. Ne3 Bb4 27. Bxb4 Qxb4 28. f3
Kg7 29. Qf2 Qa5 30. Qd2 Qb6 31. Qf2 Rd6 32. Rd2 Rfd8 33. Red1 R8d7 34. Kf1 Qd8
35. g3 Ne6 36. b4 Bb7 37. Ke1 Nd4 38. Bxb7 Rxb7 39. Nd5 Rc6 40. Rxd4 exd4 41.
Qxd4 Rd7 42. Rd2 Qc8 43. Kf2 Rcd6 44. Qb2 Kh6 45. Rc2 Qd8 46. Qc1+ Kg7 47. Rc8
Qxc8 48. Qxc8 Rd8 49. Qc5 Kf7 50. g4 g5 51. Kg3 R8d7 52. h4 gxh4+ 53. Kxh4 Re6
54. Qc8 Red6 55. Qh8 Kg6 56. Nf4+ Kf7 57. Qxh7+ Ke8 58. Qg8+ 1-0

[Event "Liga Madrileña 2010/2011 - D. Honor"]
[Site "Madrid ESP"]
[Date "2011.01.09"]
[Round "5.45"]
[White "Cepeda Delgado, Camilo Jose"]
[Black "Vazquez Torres, Adrian"]
[Result "0-1"]
[WhiteElo "2187"]
[BlackElo "2166"]
[PlyCount "88"]
[EventDate "2010.11.21"]
[EventType "team"]
[EventRounds "14"]
[EventCountry "ESP"]
[Source "lmi"]
[SourceDate "2010.11.21"]
[WhiteTeam "Collado Villalba"]
[BlackTeam "Virgen de Atocha"]
[WhiteTeamCountry "ESP"]
[BlackTeamCountry "ESP"]

1. d4 e6 2. c4 c5 3. d5 d6 4. Nc3 Nf6 5. e4 Be7 6. Bd3 O-O 7. Nge2 exd5 8. exd5
Nbd7 9. O-O Re8 10. Ng3 Bf8 11. Bd2 Ne5 12. Qc2 g6 13. Rae1 Bg7 14. Re2 Nfg4
15. h3 Nxd3 16. Rxe8+ Qxe8 17. Qxd3 Ne5 18. Qe2 Qf8 19. Re1 a6 20. a4 Nd7 21.
Qe8 Ne5 22. Qxf8+ Kxf8 23. b3 f5 24. Nge2 Bd7 25. Nf4 Re8 26. Kf1 Kf7 27. Rd1
h5 28. Be1 h4 29. Nd3 g5 30. f4 Ng6 31. Ne2 g4 32. Bd2 Bf6 33. Re1 b5 34. axb5
axb5 35. Nc3 b4 36. Ne2 Ra8 37. Rb1 Ra2 38. Bc1 Ne7 39. Bb2 Nxd5 40. cxd5 Bb5
41. Ra1 Rxa1+ 42. Bxa1 Bxd3 43. Bxf6 Kxf6 44. Kf2 g3+ 0-1

[Event "Liga Madrileña 2010/2011 - D. Honor"]
[Site "Madrid ESP"]
[Date "2011.01.09"]
[Round "5.46"]
[White "Perez de Aranda Alonso, Leonardo"]
[Black "Lorite Cruz, Francisco"]
[Result "1/2-1/2"]
[WhiteElo "2161"]
[BlackElo "2095"]
[PlyCount "142"]
[EventDate "2010.11.21"]
[EventType "team"]
[EventRounds "14"]
[EventCountry "ESP"]
[Source "lmi"]
[SourceDate "2010.11.21"]
[WhiteTeam "Virgen de Atocha"]
[BlackTeam "Collado Villalba"]
[WhiteTeamCountry "ESP"]
[BlackTeamCountry "ESP"]

1. e4 c5 2. Nf3 Nc6 3. d4 cxd4 4. Nxd4 e5 5. Nb5 a6 6. Nd6+ Bxd6 7. Qxd6 Qf6 8.
Qd1 Qg6 9. Nc3 Nge7 10. h4 h5 11. Bg5 f6 12. Be3 f5 13. Qd2 fxe4 14. O-O-O d5
15. Nxd5 Nxd5 16. Qxd5 Be6 17. Qc5 Qf7 18. g3 Rc8 19. Qb6 Bg4 20. Rd6 Qxa2 21.
Bg2 Qc4 22. Qxb7 O-O 23. Bf1 Qb4 24. Qxb4 Nxb4 25. c3 Rf6 26. Rxf6 gxf6 27. Bg2
f5 28. Kb1 Nd3 29. Kc2 Rb8 30. b3 Rc8 31. Ra1 Rc6 32. Ra5 Ne1+ 33. Kb2 Nxg2 34.
Rxe5 Ne1 35. Re7 Nd3+ 36. Kc2 Nb4+ 37. Kb2 Nd5 38. Re8+ Kf7 39. Rd8 Nxc3 40.
Bd4 Nb5 41. Be5 Ke6 42. Bf4 Be2 43. Rh8 Nd4 44. Be3 Nb5 45. Bf4 Bd3 46. Rh6+
Kd5 47. Rxh5 Rc2+ 48. Ka1 Rxf2 49. Rxf5+ Kd4 50. Be5+ Ke3 51. Bf4+ Ke2 52. h5
Nd4 53. Re5 Nxb3+ 54. Kb2 Nd2 55. Re6 Nc4+ 56. Kc3 Rh2 57. h6 Kf3 58. Rxa6 Ne3
59. Rd6 Rc2+ 60. Kb3 Rh2 61. Rd7 Nf1 62. h7 Bc2+ 63. Kc3 Nxg3 64. Be5 e3 65.
Rf7+ Kg4 66. h8=Q Rxh8 67. Bxh8 Be4 68. Be5 Ne2+ 69. Kc4 Bf5 70. Bd4 Be6+ 71.
Kd3 Nxd4 1/2-1/2